000
00300nam a2200109Ia 4500
008
230907s9999||||xx |||||||||||||| ||und||
082
_a
515.35
_b
CHA
100
_a
Chau, K. T.,
_9
83629
245
0
_a
Theory of differential equations in engineering and mechanics /
300
_a
975 pages.
942
_c
BK
999
_c
600010
_d
600010